00711nam a2200241 a 4500001001300000003000900013005001700022008004100039020002400080082001600104100002100120245003900141260003000180300000900210500003500219505001000254650002300264700002100287902000800308942000700316952013100323999001500454nice12345678IN_TiNIC20260116013143.0050524s1990 hama grp 000 0 eng  a0860789 c351500a181.07bROS aRosenthal, Franz aGreek Philosophy in the Arab World aHampshirebVariorumc1990 a183p aincludes index and biblioraphy2 aNotes aPhilosophy-Islamic1 aRosenthal, Franz bSRS cBK 001040708StackRoom-aHMIbHMId2012-06-21g3515.00l1o181.07 ROSp016728r2017-07-31s2017-07-27v3515.00w2005-05-24yBK c9886d9886